| 000 | 00000nam 2200000za 4500 |
| 001 | 9.822540 |
| 003 | CaOODSP |
| 005 | 20221107143712 |
| 007 | cr ||||||||||| |
| 008 | 160812s1989 onc #o f000 0 eng d |
| 040 | |aCaOODSP|beng |
| 043 | |an-cn--- |
| 086 | 1 |aCS89-0017/1989E-PDF |
| 245 | 00|aDebriefing report on "Northern Reserve Test" |h[electronic resource] : |bspecial questionnaire for canvasser areas. |
| 260 | |a[Ottawa : |bStatistics Canada, |c1989]. |
| 300 | |a[18] p. |
| 490 | 0 |a1991 Census collection special studies ; |v3.3 |
| 500 | |aDigitized edition from print [produced by Statistics Canada]. |
| 692 | 07|2gccst|aAboriginal reserves |
| 692 | 07|2gccst|aCensus |
| 692 | 07|2gccst|aAnalysis |
| 692 | 07|2gccst|aSurveys |
| 710 | 2 |aStatistics Canada. |
| 856 | 40|qPDF|s142 KB|uhttps://publications.gc.ca/collections/collection_2016/statcan/CS89-0017-1989-eng.pdf |